MARC

LEADER 00000nam0a2200000 4500
001 226641
005 20231101230739.0
035 |a (RuTPU)RU\TPU\book\247028 
090 |a 226641 
100 |a 20121126d1922 m y0engy50 ba 
101 0 |a eng 
102 |a US 
105 |a a g 001zy 
200 1 |a Standard Handbook for Electrical Engineers  |e Prepared by a Staff of Specialist  |f  F. Fowle 
205 |a 5th ed. 
210 |a New York  |c McGraw-Hill Book Company  |d 1922 
215 |a 2143 с.  |c il. 
320 |a Index: p. 2021-2143. 
606 1 |a Электротехника общая  |2 stltpush  |3 (RuTPU)RU\TPU\subj\20906  |9 45967 
610 1 |a электроэнергетики 
610 1 |a электротехническая аппаратура 
610 1 |a электротехнические измерения 
610 1 |a электрические материалы 
610 1 |a электрические машины 
610 1 |a электрика 
610 1 |a технические сведения 
610 1 |a справочники 
610 1 |a английский язык 
675 |a 621.3(035)  |v 3 
700 1 |a Fowle  |b F.  |g Frank 
801 1 |a RU  |b 63413507  |c 20121126 
801 2 |a RU  |b 63413507  |c 20130611  |g RCR 
942 |c BK